Перечень товаров, подлежащих приему на хранение под складочные и закладные свидетельства в товарных складах "Восточного общества товарных складов и транспортирования товаров с выдачею ссуд" (на основании ст. 712 Уст. торг. Т. XI ч. II Св. зак. изд. 1893 г.) | Правила о понудительной продаже товаров, принятых "Восточным обществом товарных складов и транспортирования товаров с выдачею ссуд" на хранение с выдачею складочных и закладных свидетельств | Условия выдачи ссуд под товары, принимаемые для хранения для транспортирования и для комиссионной продажи "Восточным обществом товарных складов и транспортирования товаров с выдачей ссуд" (Запись № 4688349)

Подробности
000 -МАРКЕР
контрольное поле 01998nam0a22002531 4500
001 - ИДЕНТИФИКАТОР ЗАПИСИ
контрольное поле v19\rc\1678711
005 - ИДЕНТИФИКАТОР ВЕРСИИ
контрольное поле 20260406232151.0
035 ## - ДРУГИЕ СИСТЕМНЫЕ НОМЕРА
Идентификатор записи (NLR Aleph) 004784995
100 ## - ДАННЫЕ ОБЩЕЙ ОБРАБОТКИ
Данные общей обработки 20061002d1895 |||y0rusy50 ca
101 0# - ЯЗЫК РЕСУРСА
Язык текста, звукозаписи и т.д. русский
102 ## - СТРАНА ПУБЛИКАЦИИ ИЛИ ПРОИЗВОДСТВА
Страна публикации Российская Федерация
105 ## - ПОЛЕ КОДИРОВАННЫХ ДАННЫХ: ТЕКСТОВЫЕ МАТЕРИАЛЫ, МОНОГРАФИЧЕСКИЕ
Кодированные данные о монографическом текстовом документе y z |||||
200 1# - ЗАГЛАВИЕ И СВЕДЕНИЯ ОБ ОТВЕТСТВЕННОСТИ
Основное заглавие Перечень товаров, подлежащих приему на хранение под складочные и закладные свидетельства в товарных складах "Восточного общества товарных складов и транспортирования товаров с выдачею ссуд" (на основании ст. 712 Уст. торг. Т. XI ч. II Св. зак. изд. 1893 г.)
-- Правила о понудительной продаже товаров, принятых "Восточным обществом товарных складов и транспортирования товаров с выдачею ссуд" на хранение с выдачею складочных и закладных свидетельств
-- Условия выдачи ссуд под товары, принимаемые для хранения для транспортирования и для комиссионной продажи "Восточным обществом товарных складов и транспортирования товаров с выдачей ссуд"
210 ## - ПУБЛИКАЦИЯ, РАСПРОСТРАНЕНИЕ И ДР.
Место издания, распространения и т.д. [Санкт-Петербург]
Дата издания, распространения и т.д. ценз. 1895
215 ## - ФИЗИЧЕСКАЯ ХАРАКТЕРИСТИКА
Специфическое обозначение материала и объем 5 с.
309 ## - ПРИМЕЧАНИЯ ОБ ОСНОВНОМ ИСТОЧНИКЕ ИНФОРМАЦИИ И ОБ ОСОБЕННОСТЯХ ПОЛИГРАФИЧЕСКОГО ОФОРМЛЕНИЯ ИЗДАНИЯ
Текст примечания Без тит. л. и обл.
710 02 - НАИМЕНОВАНИЕ ОРГАНИЗАЦИИ - ПЕРВИЧНАЯ ОТВЕТСТВЕННОСТЬ
Начальный элемент ввода Восточное общество товарных складов, страхования и транспортирования товаров с выдачей ссуд
Идентифицирующий признак Петербург
Идентификатор авторитетной/нормативной записи RU\NLR\AUTH\889984936
Системный номер авторитетной/нормативной записи 465545
801 #0 - ИСТОЧНИК ЗАПИСИ
Страна Российская Федерация
Организация NLR
Правила каталогизации psbo
801 #0 - ИСТОЧНИК ЗАПИСИ
Страна Российская Федерация
Организация RuMoRGB
Источник данных psbo
801 #1 - ИСТОЧНИК ЗАПИСИ
Страна Российская Федерация
Организация ProSoft-M
Источник данных rusmarc
852 ## - МЕСТОНАХОЖДЕНИЕ И ШИФР ХРАНЕНИЯ
Идентификатор организации NLR
Шифр хранения (Call Number) 18.268.1.122
942 ## - ДОПОЛНИТЕЛЬНЫЕ ЭЛЕМЕНТЫ ЗАПИСИ (АБИС)
Тип экземпляра АБИС Книга
980 ## - КОЛЛЕКЦИЯ
Название коллекции Национальная библиография
Экземпляры
Тип экземпляра Дата поступления Библиотека постоянного хранения Библиотека текущего хранения Место хранения Шифр хранения Штрих-код Статус экземпляра
Книга 26.10.2013 РНБ (Садовая) РНБ (Садовая) Русский книжный фонд -Главное здание, Ленинский читальный зал 18.268.1.122 4784995-10